The Muslims of India : (Record no. 52361)

MARC details
000 -LEADER
fixed length control field 01648nam a22002537a 4500
005 - DATE AND TIME OF LATEST TRANSACTION
control field 20110511143050.0
010 ## - LCCN (DPL NO)
LC control number B-425589-593
020 ## - INTERNATIONAL STANDARD BOOK NUMBER
International Standard Book Number 0195670566
Terms of availability 375.00
020 ## - INTERNATIONAL STANDARD BOOK NUMBER
International Standard Book Number 9780195670561
Terms of availability 375.00
035 ## - SYSTEM CONTROL NUMBER
System control number B-425589-593
037 ## - SOURCE OF ACQUISITION
Source of stock number/acquisition RBC/VEN
082 ## - DEWEY DECIMAL CLASSIFICATION NUMBER
Classification number 322.1095409045
245 ## - TITLE STATEMENT
Title The Muslims of India :
Remainder of title a documentary record /
Statement of responsibility, etc edited by A.G. Noorani.
260 ## - PUBLICATION, DISTRIBUTION, ETC. (IMPRINT)
Place of publication, distribution, etc New Delhi
Name of publisher, distributor, etc Oxford University Press
Date of publication, distribution, etc 2011
300 ## - PHYSICAL DESCRIPTION
Extent xv, 368 p. ;
Other physical details 22 cm.(pbk)
500 ## - GENERAL NOTE
General note Includes index.
942 ## - ADDED ENTRY ELEMENTS (KOHA)
Source of classification or shelving scheme Dewey Decimal Classification
Item type English Books
Classification part 322.1095409045
Call number suffix MUS
Holdings
Withdrawn status Lost status Not for loan Collection code Home library Current library Date acquired Source of acquisition Cost, normal purchase price Full call number Barcode Copy number Cost, replacement price Koha item type
      Non-fiction Central Library Central Library 18/05/2011 RBC/22493/23.3.11/76/4.3.11/25.3.11 375.00 322.1095409045 MUS B-425589 1 375.00 English Books
      Non-fiction Karol Bagh Karol Bagh 18/05/2011 RBC/22493/23.3.11/76/4.3.11/25.3.11 375.00 322.1095409045 MUS B-425592 1 375.00 English Books
      Non-fiction Patel Nagar Patel Nagar 18/05/2011 RBC/22493/23.3.11/76/4.3.11/25.3.11 375.00 322.1095409045 MUS B-425590 1 375.00 English Books
      Non-fiction Sarojini Nagar Sarojini Nagar 18/05/2011 RBC/22493/23.3.11/76/4.3.11/25.3.11 375.00 322.1095409045 MUS B-425591 1 375.00 English Books
      Non-fiction Shahdara Branch Shahdara Branch 18/05/2011 RBC/22493/23.3.11/76/4.3.11/25.3.11 375.00 322.1095409045 MUS B-425593 1 375.00 English Books

© Delhi Public Library
Hit Counter
free hit counter